Miesto štátu a trhu v procese formovania demokratického trhového systému

Guardado en:
Detalles Bibliográficos
Autor principal: Lisý, Ján
Formato: Capítulo de libro
Lenguaje:eslovaco
Etiquetas: Agregar Etiqueta
Sin Etiquetas, Sea el primero en etiquetar este registro!

MARC

LEADER 00000naa$a2200000$$$4500
001 0116257
005 20240502072309.4
041 0 |a slo 
044 |a SK 
245 1 0 |a Miesto štátu a trhu v procese formovania demokratického trhového systému  |c Ján Lisý 
100 1 |a Lisý, Ján